000 00411nam a2200145 4500
999 _c512238
_d512238
008 191115b ||||| |||| 00| 0 eng d
100 _aLorenzoni, Guido
_913242
245 _aSlow moving debt crises
260 _bAmerican Economic Review
300 _a109(9), Sep, 2019: p.3229-3263.
700 _aWerning, Ivan
_913243
773 _aAmerican Economic Review
906 _aExternal debt
942 _2ddc
_cAR